Statistics for Finish the sayings

Click here to take the quiz!

General Stats

  • This quiz has been taken 72 times
  • The average score is 13 of 15

Answer Stats

SayingMissing word% Correct
Digging yourself an early _____Grave
98%
Put your best ____ forwardFoot
95%
Kill 2 birds with 1 _____Stone
95%
Barking up the wrong ____Tree
95%
Saved by the ____Bell
94%
Beating around the ____Bush
92%
A site for ____ eyesSore
89%
It's no use crying over _______ milkSpilled
89%
The proof is in the _______Pudding
86%
A _____ is only as strong it's weakest linkChain
83%
We have nothing to fear other than ____ ______Fear itself
81%
_______ is a dish best served coldRevenge
78%
The bigger they are, the harder they ____Fall
76%
You have to break a few eggs to make an ________Omelette
71%
Where there's _____, there's fireSmoke
71%

Score Distribution

Percentile by Number Answered

Percent of People with Each Score

Your Score History

You have not taken this quiz